Bailey’s industrial oil & fat products (vol.6)

The sixth volume on nondible uses of fats and oils has new articles on biodiesel, hydrolic fluids, lubricants, inks, as well as pharmaceutical and cosmetic uses of lipids. An articles on the use of soybean oil in edible film and adhesive production is also included

Gespeichert in:
Bibliographische Detailangaben
1. Verfasser: Bailey, Alton Edward
Format: Buch
Sprache:Undetermined
Veröffentlicht: Hoboken, N.J. John Wiley & Sons 2005
Schlagworte:
Tags: Tag hinzufügen
Keine Tags, Fügen Sie den ersten Tag hinzu!
Thư viện lưu trữ: Trung tâm Học liệu Trường Đại học Cần Thơ
LEADER 00853nam a2200205Ia 4500
001 CTU_132830
008 210402s9999 xx 000 0 und d
020 |c 4500000 
082 |a 665.2 
082 |b B155/Vol.6 
100 |a Bailey, Alton Edward 
245 0 |a Bailey’s industrial oil & fat products (vol.6) 
245 0 |c edited by Fereidoon Shahidi 
260 |a Hoboken, N.J. 
260 |b John Wiley & Sons 
260 |c 2005 
520 |a The sixth volume on nondible uses of fats and oils has new articles on biodiesel, hydrolic fluids, lubricants, inks, as well as pharmaceutical and cosmetic uses of lipids. An articles on the use of soybean oil in edible film and adhesive production is also included 
650 |a Oils and fats.,Công nghệ dầu ăn 
904 |i Năm 
980 |a Trung tâm Học liệu Trường Đại học Cần Thơ